[Event "UK Blitz op Final"]
[Site "Leamington Spa"]
[Date "2023.12.02"]
[Round "2"]
[White "Kozusek, Daniel"]
[Black "Sanger, Jake M"]
[Result "1-0"]
[WhiteElo "2365"]
[BlackElo "1961"]
[PlyCount "107"]
[EventDate "2023.12.02"]
[EventType "tourn (blitz)"]
[EventRounds "15"]
[EventCountry "ENG"]
[EventCategory "3"]
[SourceTitle "CB49_2023"]
[SourceDate "2023.12.06"]
[SourceVersion "1"]
[SourceVersionDate "2023.12.06"]
[SourceQuality "1"]

1. d4 Nf6 2. Bg5 d5 3. e3 c5 4. Bxf6 gxf6 5. dxc5 e6 6. Nf3 Bxc5 7. Be2 Nc6 8. 0-0 f5 9. c4 dxc4 10. Qc2 Qf6 11. Qxc4 Bb6 12. Nc3 0-0 13. Rfd1 Ne5 14. Nxe5 Qxe5 15. Bf3 Rb8 16. Rd2 Ba5 17. b4 b5 18. Qb3 Bb6 19. Rad1 a6 20. Ne2 Bb7 21. Bxb7 Rxb7 22. Nd4 Rc8 23. Nf3 Qc3 24. g3 Qxb3 25. axb3 Rc3 26. Rd3 Rbc7 27. Kf1 Kg7 28. Ke2 Kf6 29. Ra1 Rc2+ 30. Nd2 Ra7 31. Rd6 Bc7 32. Rdxa6 Rb7 33. Kd3 Rb2 34. f4 Bb6 35. Kc3 Bxe3 36. Nf1 Bd4+ 37. Kxd4 Rd7+ 38. Kc5 Rxb3 39. Kxb5 Rd4 40. R6a4 Rb2 41. Ka5 Rd5+ 42. Ka6 Rd6+ 43. Kb5 Rc2 44. R4a2 Rd5+ 45. Ka4 Rc8 46. Rb1 Rd3 47. Kb5 Rd5+ 48. Ka4 Ra8+ 49. Kb3 Rc8 50. Kb2 Rb8 51. Ka1 Rd4 52. b5 Ke7 53. Ne3 Rd3 54. Nc4 1-0

[Event "UK Blitz op Final"]
[Site "Leamington Spa"]
[Date "2023.12.02"]
[Round "13"]
[White "Sanger, Jake M"]
[Black "Norris, Ethan"]
[Result "1/2-1/2"]
[WhiteElo "1961"]
[BlackElo "2014"]
[PlyCount "87"]
[EventDate "2023.12.02"]
[EventType "tourn (blitz)"]
[EventRounds "15"]
[EventCountry "ENG"]
[EventCategory "3"]
[SourceTitle "CB49_2023"]
[SourceDate "2023.12.06"]
[SourceVersion "1"]
[SourceVersionDate "2023.12.06"]
[SourceQuality "1"]

1. d4 Nf6 2. c4 g6 3. Nc3 Bg7 4. e4 d6 5. Be2 Nbd7 6. Nf3 e5 7. 0-0 0-0 8. Be3 Re8 9. Qc2 exd4 10. Nxd4 Nc5 11. f3 a5 12. b3 Nfd7 13. a3 Ne5 14. Rad1 Bd7 15. Bf2 Qc8 16. b4 Ne6 17. Ndb5 axb4 18. axb4 Nf4 19. Nd5 Nxe2+ 20. Qxe2 Bxb5 21. cxb5 Qd7 22. Rc1 Rac8 23. Rc2 Qd8 24. Rfc1 c6 25. Nb6 Rc7 26. Nd5 Rc8 27. f4 Nd7 28. bxc6 bxc6 29. Rxc6 Rxc6 30. Rxc6 Nf6 31. Nxf6+ Bxf6 32. Qd3 Qa8 33. Rxd6 Rxe4 34. f5 Qa1+ 35. Qd1 Qxd1+ 36. Rxd1 Rxb4 37. fxg6 hxg6 38. Bc5 Rc4 39. Be3 Kg7 40. Kf2 Rc2+ 41. Kf3 Rc3 42. Kf2 Rc2+ 43. Kf3 Rc3 44. Ke4 1/2-1/2

[Event "UK Blitz op Final"]
[Site "Leamington Spa"]
[Date "2023.12.02"]
[Round "6"]
[White "Willow, Jonah B"]
[Black "Sanger, Jake M"]
[Result "1-0"]
[WhiteElo "2427"]
[BlackElo "1961"]
[PlyCount "61"]
[EventDate "2023.12.02"]
[EventType "tourn (blitz)"]
[EventRounds "15"]
[EventCountry "ENG"]
[EventCategory "3"]
[SourceTitle "CB49_2023"]
[SourceDate "2023.12.06"]
[SourceVersion "1"]
[SourceVersionDate "2023.12.06"]
[SourceQuality "1"]

1. e4 c5 2. Nf3 Nc6 3. Nc3 d6 4. d4 cxd4 5. Nxd4 Nf6 6. Bg5 e6 7. Qd2 a6 8. 0-0-0 Bd7 9. Kb1 Be7 10. Nxc6 Bxc6 11. f3 Rc8 12. h4 h6 13. Be3 d5 14. Qf2 b5 15. e5 Nd7 16. f4 b4 17. Ne2 Qa5 18. Nd4 Nc5 19. Nb3 Nxb3 20. cxb3 Rb8 21. Bd3 Bb5 22. Bc2 Qd8 23. f5 Qd7 24. g4 Bc6 25. Rhf1 exf5 26. gxf5 Qc7 27. Bd4 0-0 28. Rg1 f6 29. Rde1 Bd8 30. Qf4 a5 31. Qxh6 1-0

[Event "EU-ch Hybrid U18"]
[Site "Tornelo INT"]
[Date "2021.10.15"]
[Round "6"]
[White "Rudovskii, Filipp"]
[Black "Sanger, Jake M"]
[Result "1-0"]
[WhiteElo "2199"]
[BlackElo "1936"]
[PlyCount "103"]
[EventDate "2021.10.15"]
[EventType "swiss"]
[EventRounds "9"]
[EventCountry "NET"]
[SourceTitle "EXT 2023"]
[Source "ChessBase"]
[SourceDate "2022.10.05"]
[SourceVersion "1"]
[SourceVersionDate "2022.10.05"]
[SourceQuality "1"]
[WhiteTeam "Russia"]
[BlackTeam "Schottland"]
[WhiteTeamCountry "RUS"]
[BlackTeamCountry "SCO"]

1. e4 c5 2. c3 Nf6 3. e5 Nd5 4. d4 cxd4 5. Nf3 Nc6 6. cxd4 d6 7. Nc3 dxe5 8. dxe5 e6 9. Nxd5 exd5 10. Bd3 Be7 11. 0-0 0-0 12. h3 Re8 13. Re1 Be6 14. a3 Rc8 15. b4 a6 16. Bb2 b5 17. Rc1 Qd7 18. Qd2 g6 19. Qf4 Bf8 20. h4 Ne7 21. Nd4 Rc4 22. Bxc4 bxc4 23. h5 gxh5 24. Qg5+ Ng6 25. Qxh5 Bg4 26. Qh2 Bg7 27. f4 h5 28. Rf1 Qa7 29. Kh1 Qc7 30. Bc3 Bh6 31. Rce1 Kh7 32. a4 f6 33. b5 fxe5 34. fxe5 Bg7 35. e6 Qxh2+ 36. Kxh2 Be5+ 37. Kh1 axb5 38. axb5 Bg3 39. Ra1 Nf4 40. Ra7+ Kg6 41. Nc6 Be2 42. Rg7+ Kf5 43. Nd4+ Ke4 44. Rxf4+ Bxf4 45. Nxe2 Rxe6 46. Nxf4 Kxf4 47. Ba5 c3 48. b6 Re1+ 49. Kh2 c2 50. Bxe1 c1Q 51. b7 Qb2 52. b8Q+ 1-0

[Event "EU-ch Hybrid U18"]
[Site "Tornelo INT"]
[Date "2021.10.15"]
[Round "3"]
[White "Sanger, Jake M"]
[Black "Eftovski, Mateo"]
[Result "0-1"]
[WhiteElo "1936"]
[BlackElo "1866"]
[PlyCount "82"]
[EventDate "2021.10.15"]
[EventType "swiss"]
[EventRounds "9"]
[EventCountry "NET"]
[SourceTitle "EXT 2023"]
[Source "ChessBase"]
[SourceDate "2022.10.05"]
[SourceVersion "1"]
[SourceVersionDate "2022.10.05"]
[SourceQuality "1"]
[WhiteTeam "Schottland"]
[BlackTeam "Macedonia"]
[WhiteTeamCountry "SCO"]
[BlackTeamCountry "MKD"]

1. d4 d5 2. c4 c6 3. Nf3 Nf6 4. e3 Bf5 5. Nc3 e6 6. Nh4 Be4 7. Nxe4 Nxe4 8. Nf3 Bd6 9. Bd3 f5 10. 0-0 Nd7 11. b3 0-0 12. a4 Qe7 13. Bb2 Rf6 14. Ne5 Rh6 15. g3 Ndf6 16. Bxe4 Nxe4 17. f3 Ng5 18. h4 Nf7 19. f4 Nxe5 20. dxe5 Bc5 21. Qe2 Rg6 22. Kh2 Rg4 23. cxd5 exd5 24. Bc3 Re8 25. Be1 Qf7 26. b4 Be7 27. b5 Bd8 28. bxc6 bxc6 29. Rb1 g5 30. fxg5 Rxa4 31. Bc3 Bb6 32. Rf2 Re4 33. Qf1 Rxe3 34. Rxf5 Qd7 35. Ba1 d4 36. Rf6 Qg4 37. Qf4 Re2+ 38. Kg1 Qh3 39. Qf3 d3+ 40. Rxb6 Re1+ 41. Kf2 Qf1# 0-1

[Event "EU-ch Hybrid U18"]
[Site "Tornelo INT"]
[Date "2021.10.15"]
[Round "8"]
[White "Sanger, Jake M"]
[Black "Fonseca, Pedro Miguel Ramos"]
[Result "1-0"]
[WhiteElo "1936"]
[BlackElo "1826"]
[PlyCount "67"]
[EventDate "2021.10.15"]
[EventType "swiss"]
[EventRounds "9"]
[EventCountry "NET"]
[SourceTitle "EXT 2023"]
[Source "ChessBase"]
[SourceDate "2022.10.05"]
[SourceVersion "1"]
[SourceVersionDate "2022.10.05"]
[SourceQuality "1"]
[WhiteTeam "Schottland"]
[BlackTeam "Portugal"]
[WhiteTeamCountry "SCO"]
[BlackTeamCountry "POR"]

1. d4 Nf6 2. c4 g6 3. Nc3 Bg7 4. e4 d6 5. Nf3 0-0 6. Be2 e5 7. 0-0 Nc6 8. d5 Ne7 9. Ne1 Nd7 10. Be3 f5 11. f3 f4 12. Bf2 g5 13. a4 a5 14. Nd3 b6 15. b4 axb4 16. Nxb4 Nf6 17. Nc6 Nxc6 18. dxc6 Be6 19. Nd5 Rf7 20. a5 bxa5 21. Qa4 g4 22. Rfb1 g3 23. Be1 Nh5 24. h3 Qc8 25. Bf1 Nf6 26. Qb5 Bf8 27. Rxa5 Rxa5 28. Qxa5 Ne8 29. Qa7 Bxd5 30. cxd5 Qd8 31. Rb8 Qe7 32. Ba6 Bg7 33. Bc8 Bf8 34. Be6 1-0

[Event "Online Olym Div3 C"]
[Site "Chess.com INT"]
[Date "2021.08.29"]
[Round "8.2"]
[White "Al Darmaky, Sultan"]
[Black "Sanger, Jake M"]
[Result "1/2-1/2"]
[WhiteElo "1790"]
[BlackElo "1936"]
[PlyCount "124"]
[EventDate "2021.08.27"]
[EventType "team-tourn (rapid)"]
[EventRounds "9"]
[EventCountry "USA"]
[SourceTitle "CBM 204 Extra"]
[Source "ChessBase"]
[SourceDate "2021.11.30"]
[SourceVersion "1"]
[SourceVersionDate "2021.11.30"]
[SourceQuality "1"]
[WhiteTeam "United Arab Emirates"]
[BlackTeam "Scotland"]
[WhiteTeamCountry "UAE"]
[BlackTeamCountry "SCO"]

1. d4 Nf6 2. c4 g6 3. Nc3 d5 4. cxd5 Nxd5 5. e4 Nxc3 6. bxc3 Bg7 7. Nf3 c5 8. h3 Nc6 9. Be3 Qa5 10. Qd2 0-0 11. Rb1 a6 12. Rc1 cxd4 13. cxd4 Qxd2+ 14. Kxd2 Rd8 15. d5 e6 16. Bb6 Rd7 17. Bc4 Ne7 18. Rhe1 Bh6+ 19. Be3 Bxe3+ 20. Rxe3 b5 21. Bb3 Kf8 22. Rd3 exd5 23. exd5 Bb7 24. Ne5 Rd6 25. Rc7 Bxd5 26. Bxd5 Rxd5 27. Rxd5 Nxd5 28. Rxf7+ Kg8 29. Rd7 Nf6 30. Rb7 Rd8+ 31. Ke3 Re8 32. f4 Nd5+ 33. Kf3 g5 34. g3 gxf4 35. gxf4 Rf8 36. Ke4 Nf6+ 37. Ke3 Nd5+ 38. Ke4 Nxf4 39. Ng4 Ne6 40. Nh6+ Kh8 41. Ke5 Ng5 42. Ra7 Nxh3 43. Rxa6 Ng5 44. Rb6 Nf7+ 45. Nxf7+ Rxf7 46. Rxb5 Ra7 47. Rb2 Kg7 48. Kf5 Ra5+ 49. Kg4 Ra6 50. Rc2 Kg6 51. Rb2 h5+ 52. Kh4 Ra4+ 53. Kg3 Rg4+ 54. Kh3 Ra4 55. Rb6+ Kf5 56. Rb5+ Kg6 57. Rb6+ Kf7 58. Rb7+ Kf6 59. Rb6+ Kg5 60. Rb5+ Kf4 61. Rxh5 Rxa2 62. Rh8 Kf3 1/2-1/2

[Event "Online Olym Div3 C"]
[Site "Chess.com INT"]
[Date "2021.08.28"]
[Round "4.2"]
[White "Sanger, Jake M"]
[Black "Selogelo, Othata"]
[Result "1-0"]
[WhiteElo "1936"]
[BlackElo "1771"]
[PlyCount "113"]
[EventDate "2021.08.27"]
[EventType "team-tourn (rapid)"]
[EventRounds "9"]
[EventCountry "USA"]
[SourceTitle "CBM 204 Extra"]
[Source "ChessBase"]
[SourceDate "2021.11.30"]
[SourceVersion "1"]
[SourceVersionDate "2021.11.30"]
[SourceQuality "1"]
[WhiteTeam "Scotland"]
[BlackTeam "Botswana"]
[WhiteTeamCountry "SCO"]
[BlackTeamCountry "BOT"]

1. d4 Nf6 2. c4 g6 3. Nc3 Bg7 4. e4 d6 5. Nf3 0-0 6. Be2 e5 7. 0-0 Nc6 8. d5 Ne7 9. Ne1 Nd7 10. Be3 f5 11. f3 f4 12. Bf2 Rf7 13. Nd3 b6 14. b4 g5 15. c5 Bf8 16. a4 Rg7 17. a5 bxc5 18. bxc5 Nf6 19. cxd6 cxd6 20. Nb5 Qd7 21. Nxd6 Qxd6 22. Bc5 Qd8 23. Nxe5 Ng6 24. Bd4 Nxe5 25. Bxe5 Bd6 26. Bd4 Qe7 27. Rc1 g4 28. fxg4 Rg6 29. Bf3 Nxg4 30. Rxc8+ Rxc8 31. Bxg4 Rc4 32. Bf2 Qg5 33. Bf3 Qd8 34. Qd3 Qc7 35. Kh1 Rc3 36. Qe2 Rc1 37. h3 Rxf1+ 38. Qxf1 Qxa5 39. Qc4 Qc7 40. Qa4 Rf6 41. Qe8+ Bf8 42. Bd4 Rf7 43. Bg4 Re7 44. Be6+ Rxe6 45. Qxe6+ Qf7 46. Qxf7+ Kxf7 47. Bxa7 Bd6 48. Kg1 Kf6 49. Bd4+ Kg5 50. Kf2 h5 51. Kf3 h4 52. e5 Be7 53. Ke4 Kg6 54. Bb6 Kf7 55. Kxf4 Kg6 56. d6 Bg5+ 57. Kg4 1-0

[Event "World Cup U18 Prel"]
[Site "Tornelo INT"]
[Date "2021.08.20"]
[Round "9"]
[White "Sanger, Jake M"]
[Black "Alonso Garcia, Aaron"]
[Result "0-1"]
[WhiteElo "1936"]
[BlackElo "2376"]
[PlyCount "68"]
[EventDate "2021.08.16"]
[EventType "swiss (rapid)"]
[EventRounds "10"]
[EventCountry "NET"]
[SourceTitle "CBM 203 Extra"]
[Source "ChessBase"]
[SourceDate "2021.09.30"]
[SourceVersion "1"]
[SourceVersionDate "2021.09.30"]
[SourceQuality "1"]

1. d4 Nf6 2. c4 e6 3. Nf3 Bb4+ 4. Bd2 Qe7 5. g3 Nc6 6. Bg2 Bxd2+ 7. Qxd2 Ne4 8. Qd3 Qb4+ 9. Nbd2 Nxd2 10. Qxd2 Qxc4 11. 0-0 Qb4 12. Qg5 0-0 13. e3 Qxb2 14. h4 Qa3 15. Nd2 Qe7 16. Qh5 d5 17. g4 g6 18. Qh6 f5 19. gxf5 Rxf5 20. e4 Rh5 21. Qf4 Nxd4 22. Rae1 Rxh4 23. Qg3 e5 24. exd5 Rg4 25. Rxe5 Qf6 26. Re8+ Kf7 27. Qxc7+ Kxe8 28. Re1+ Kf8 29. Qc5+ Kg7 30. Ne4 Nf3+ 31. Kf1 Rxe4 32. Qc7+ Kh6 33. Qc1+ Qf4 34. Bxf3 Rxe1+ 0-1

[Event "World Cup U18 Prel"]
[Site "Tornelo INT"]
[Date "2021.08.18"]
[Round "5"]
[White "Villegas Rodriguez, Jeremy"]
[Black "Sanger, Jake M"]
[Result "0-1"]
[WhiteElo "1504"]
[BlackElo "1936"]
[PlyCount "110"]
[EventDate "2021.08.16"]
[EventType "swiss (rapid)"]
[EventRounds "10"]
[EventCountry "NET"]
[SourceTitle "CBM 203 Extra"]
[Source "ChessBase"]
[SourceDate "2021.09.30"]
[SourceVersion "1"]
[SourceVersionDate "2021.09.30"]
[SourceQuality "1"]

1. e4 c5 2. Ne2 Nc6 3. Nbc3 d6 4. g3 g6 5. Bg2 Bg7 6. 0-0 Rb8 7. a4 a6 8. d3 b5 9. axb5 axb5 10. Be3 b4 11. Na4 Nf6 12. d4 cxd4 13. Nxd4 Ne5 14. f4 Nc4 15. Bf2 Bd7 16. Qe2 Qc7 17. b3 Na5 18. e5 dxe5 19. fxe5 Ng4 20. e6 Nxf2 21. exd7+ Qxd7 22. Nf3 Ng4 23. Rad1 Qa7+ 24. Kh1 0-0 25. Rde1 Nc6 26. Ng5 h5 27. Bxc6 Rbc8 28. Bg2 e6 29. h3 Nh6 30. Ne4 Nf5 31. Kh2 Qc7 32. Nac5 h4 33. Nd3 Nxg3 34. Nxg3 Qxg3+ 35. Kh1 Rfd8 36. Rf3 Qg5 37. Ref1 Rc7 38. Rf4 Rdc8 39. Qg4 Qxg4 40. hxg4 Rxc2 41. Rxf7 Rd2 42. Nxb4 Rb8 43. Nc6 Rxb3 44. Ne7+ Kh7 45. Be4 Rbb2 46. Bxg6+ Kh8 47. Be4 Rh2+ 48. Kg1 Bd4+ 49. R7f2 Rhxf2 50. Rxf2 Rxf2 51. Kh1 h3 52. Ng6+ Kg7 53. Ne7 Re2 54. Bc6 Be5 55. Bb7 Re1# 0-1

[Event "Wch FIDE Online U16 Europe qual"]
[Site "Tornelo INT"]
[Date "2020.12.09"]
[Round "7"]
[White "Sanger, Jake M"]
[Black "Vanjare, Aditya"]
[Result "1-0"]
[WhiteElo "1640"]
[BlackElo "1493"]
[PlyCount "65"]
[EventDate "2020.12.07"]
[EventType "swiss (rapid)"]
[EventRounds "7"]
[EventCountry "ISS"]
[SourceTitle "EXT 2022"]
[Source "ChessBase"]
[SourceDate "2021.10.06"]
[SourceVersion "1"]
[SourceVersionDate "2021.10.06"]
[SourceQuality "1"]

1. d4 Nf6 2. Bf4 g6 3. e3 Bg7 4. Nf3 0-0 5. Nbd2 d6 6. Bd3 Bg4 7. h3 Bxf3 8. Nxf3 Nbd7 9. 0-0 Re8 10. Bh2 e5 11. dxe5 dxe5 12. Bc4 c6 13. a4 Qe7 14. c3 a5 15. Qb3 Nc5 16. Qa2 Nfe4 17. Rfd1 Rad8 18. Nxe5 Bxe5 19. Bxe5 Qxe5 20. Bxf7+ Kg7 21. Bxe8 Rxe8 22. Qc4 Rf8 23. f3 Rxf3 24. Qd4 Rf5 25. g4 Rg5 26. b4 axb4 27. cxb4 Qxd4 28. Rxd4 Nb3 29. Rd7+ Kh6 30. Rf1 Rd5 31. Rxb7 Nd6 32. Rd7 g5 33. Rf6# 1-0

[Event "EU-ch Online U16"]
[Site "Tornelo INT"]
[Date "2020.09.19"]
[Round "4"]
[White "Kacharava, Nikoloz"]
[Black "Sanger, Jake M"]
[Result "1-0"]
[WhiteElo "2036"]
[BlackElo "1640"]
[PlyCount "49"]
[EventDate "2020.09.18"]
[EventType "swiss (rapid)"]
[EventRounds "9"]
[EventCountry "NET"]
[SourceTitle "EXT 2023"]
[Source "ChessBase"]
[SourceDate "2022.10.05"]
[SourceVersion "1"]
[SourceVersionDate "2022.10.05"]
[SourceQuality "1"]
[WhiteTeam "Georgia"]
[BlackTeam "Schottland"]
[WhiteTeamCountry "GEO"]
[BlackTeamCountry "SCO"]

1. e4 e6 2. d4 d5 3. Nd2 Nf6 4. e5 Nfd7 5. Bd3 c5 6. c3 Nc6 7. Ne2 cxd4 8. cxd4 f6 9. exf6 Nxf6 10. Nf3 Bd6 11. 0-0 Qc7 12. g3 0-0 13. Bf4 Bxf4 14. Nxf4 Bd7 15. Rc1 Qb6 16. b3 Rae8 17. Re1 e5 18. dxe5 Ng4 19. Qc2 Rxf4 20. gxf4 Nb4 21. Bxh7+ Kh8 22. Qe2 Kxh7 23. e6 Bxe6 24. Ng5+ Kh8 25. Qxg4 1-0

[Event "BCF-chT2b 1920 (4NCL)"]
[Site "Daventry"]
[Date "2020.01.11"]
[Round "3.67"]
[White "Orgler, Philipp"]
[Black "Sanger, Jake M"]
[Result "0-1"]
[WhiteElo "2047"]
[BlackElo "1937"]
[PlyCount "122"]
[EventDate "2020.01.11"]
[EventType "team-tourn"]
[EventRounds "11"]
[EventCountry "ENG"]
[SourceTitle "CBM 194 Extra"]
[Source "ChessBase"]
[SourceDate "2020.03.31"]
[SourceVersion "1"]
[SourceVersionDate "2020.03.31"]
[SourceQuality "1"]
[WhiteTeam "Barnet Knights"]
[BlackTeam "Alba"]
[WhiteTeamCountry "ENG"]
[BlackTeamCountry "ENG"]

1. d4 e6 2. e4 d5 3. Nc3 Nf6 4. Bg5 Be7 5. e5 Nfd7 6. h4 a6 7. Qg4 Bxg5 8. hxg5 c5 9. dxc5 Nxe5 10. Qg3 Nbc6 11. 0-0-0 Ng6 12. f4 Qc7 13. Nge2 Nce7 14. Qf2 Bd7 15. g4 0-0-0 16. Bg2 Kb8 17. Rh3 Rc8 18. Rdh1 Qxc5 19. Qxc5 Rxc5 20. Rxh7 Rg8 21. Rf1 b5 22. Nd4 b4 23. Nce2 e5 24. Nf3 Rc4 25. Nd2 Rc5 26. f5 Nf8 27. Rh2 Bb5 28. Re1 Bd3 29. c3 Bxe2 30. Nb3 Rc4 31. Rxe2 Nd7 32. Na5 Rxg4 33. f6 gxf6 34. gxf6 Nxf6 35. Rxe5 Ng6 36. Rf5 Rf4 37. Rg5 bxc3 38. bxc3 Rc8 39. c4 Rc5 40. Bxd5 Rf1+ 41. Kb2 Rxa5 42. Re2 Nxd5 43. cxd5 Rb5+ 44. Ka3 Kc7 45. Rc2+ Kb6 46. Rc6+ Ka5 47. Rc3 Rf4 48. Rb3 Rxb3+ 49. axb3 Kb6 50. d6 Rd4 51. Rf5 Rxd6 52. Rxf7 Ne5 53. Rh7 Rg6 54. Ka4 Nd3 55. b4 Ne5 56. Rh4 Rg4 57. Rh6+ Nc6 58. Ka3 Rf4 59. Rg6 Re4 60. Rh6 Kb5 61. Rh5+ Re5 0-1

[Event "EU-ch U16"]
[Site "Bratislava"]
[Date "2019.08.06"]
[Round "5"]
[White "Sanger, Jake M"]
[Black "Dabic, Stjepan"]
[Result "1-0"]
[WhiteElo "1937"]
[BlackElo "2043"]
[PlyCount "45"]
[EventDate "2019.08.02"]
[EventType "swiss"]
[EventRounds "9"]
[EventCountry "SVK"]
[SourceTitle "CBM 191 Extra"]
[Source "ChessBase"]
[SourceDate "2019.09.30"]
[SourceVersion "1"]
[SourceVersionDate "2019.09.30"]
[SourceQuality "1"]

1. d4 Nf6 2. Nf3 g6 3. Nc3 d5 4. Bf4 Bg7 5. e3 Bg4 6. Be2 c6 7. Ne5 Bxe2 8. Qxe2 Nh5 9. g4 Nxf4 10. exf4 Nd7 11. h4 Qb6 12. 0-0-0 0-0-0 13. Nxf7 Bxd4 14. Rh3 Rhf8 15. Nxd8 Kxd8 16. Na4 Qb4 17. c3 Qxa4 18. Rxd4 Qxa2 19. c4 Qa1+ 20. Kc2 e6 21. Ra3 Qh1 22. cxd5 exd5 23. Rxa7 1-0

[Event "EU-ch U16"]
[Site "Bratislava"]
[Date "2019.08.04"]
[Round "3"]
[White "Sanger, Jake M"]
[Black "Hanzl, Tadeas"]
[Result "1/2-1/2"]
[WhiteElo "1937"]
[BlackElo "1691"]
[PlyCount "118"]
[EventDate "2019.08.02"]
[EventType "swiss"]
[EventRounds "9"]
[EventCountry "SVK"]
[SourceTitle "CBM 191 Extra"]
[Source "ChessBase"]
[SourceDate "2019.09.30"]
[SourceVersion "1"]
[SourceVersionDate "2019.09.30"]
[SourceQuality "1"]

1. d4 Nf6 2. Nf3 g6 3. Nc3 Bg7 4. e4 d6 5. Be3 0-0 6. Qd2 c6 7. Bh6 b5 8. a3 Re8 9. h4 Bg4 10. Nh2 e5 11. Bxg7 Kxg7 12. Nxg4 Nxg4 13. f3 Nf6 14. 0-0-0 Qa5 15. g4 h5 16. Bh3 c5 17. dxc5 dxc5 18. g5 Ng8 19. Nd5 Qd8 20. Qe2 Nc6 21. Nf6 Nd4 22. Nxe8+ Qxe8 23. Qe3 b4 24. Rh2 Ne7 25. axb4 cxb4 26. Rxd4 exd4 27. Qxd4+ Kg8 28. Qxb4 Rb8 29. Qa3 Nd5 30. Rd2 Nb6 31. Rd4 Qe5 32. Qd6 Qxd6 33. Rxd6 Nc4 34. Rd7 Ne5 35. Rxa7 Nxf3 36. Ra3 Nxh4 37. c4 Re8 38. Re3 Nf5 39. Bxf5 gxf5 40. e5 Kg7 41. b4 Kg6 42. b5 f4 43. Rb3 Rc8 44. Rb4 Kf5 45. b6 Kxe5 46. b7 Rb8 47. Kd2 h4 48. Ke2 Kd4 49. Kf3 h3 50. Kxf4 h2 51. Rb2 Rxb7 52. Rxh2 Rb6 53. Kg3 Kxc4 54. Kf3 Rb3+ 55. Kg2 Rb2+ 56. Kg3 Rxh2 57. Kxh2 Kd4 58. Kh3 Ke5 59. Kg4 Ke4 1/2-1/2

[Event "EU-ch U16"]
[Site "Bratislava"]
[Date "2019.08.02"]
[Round "1"]
[White "Sanger, Jake M"]
[Black "Sjoberg, Isak"]
[Result "0-1"]
[WhiteElo "1937"]
[BlackElo "2238"]
[PlyCount "56"]
[EventDate "2019.08.02"]
[EventType "swiss"]
[EventRounds "9"]
[EventCountry "SVK"]
[SourceTitle "CBM 191 Extra"]
[Source "ChessBase"]
[SourceDate "2019.09.30"]
[SourceVersion "1"]
[SourceVersionDate "2019.09.30"]
[SourceQuality "1"]

1. d4 Nf6 2. Nf3 c5 3. d5 d6 4. Nc3 g6 5. e4 Bg7 6. Bb5+ Nbd7 7. a4 0-0 8. 0-0 a6 9. Bxd7 Bxd7 10. a5 b5 11. axb6 Qxb6 12. Nd2 Rfb8 13. h3 Qc7 14. Qe2 Nh5 15. Nb3 a5 16. g4 a4 17. gxh5 axb3 18. Rxa8 Rxa8 19. hxg6 hxg6 20. h4 bxc2 21. Qxc2 Qc8 22. f3 Bd4+ 23. Kh1 Bb5 24. Qg2 Bxf1 25. Qxf1 Ra1 26. Ne2 Bxb2 27. Kg2 Qa6 28. Qd1 Bxc1 0-1